Normal view
MARC view
- SERVICIO DIPLOMATICO Y CONSULAR
Entry Materia
001 - NÚMERO DE CONTROL DEL REGISTRO
- campo de control: 17532
003 - IDENTIFICADOR DE NUMERO DE CONTROL
- campo de control: UPN
005 - FECHA Y HORA DE LA ÚLTIMA TRANSACCIÓN
- campo de control: 20210219193857.0
008 - DATOS DE LONGITUD FIJA
- campo de control de longitud fija: nabaccnnaabn|||||||||| b |nc|||||d
035 ## - NÚMERO DE CONTROL DEL SISTEMA
- Número de control del sistema: UPN10000017540
040 ## - FUENTE DE LA CATALOGACIÓN
- Lengua de catalogación: SPA
- Agencia de transcripción: UPN
150 ## - ENCABEZAMIENTO - TEMÁTICO
- Término de materia o nombre geográfico como elemento inicial: SERVICIO DIPLOMATICO Y CONSULAR
450 ## - VÉASE - MATERIA
- Encabezamiento temático: Servicio consular
670 ## - FUENTE EN LA QUE SE LOCALIZARON DATOS
- Cita de la fuente: A
680 ## - NOTA GENERAL CON DESPLIEGUE PÚBLICO
- Texto explicativo: Usase para las obras generales. El servicio diplomático y consular de un país, aparece bajo el nombre del país con la subdivisión
- Encabezamiento: SERVICIO DIPLOMATICO Y CONSULAR,
- Texto explicativo: que puede a su vez subdividirse por el país ante el cual está acreditado. Las listas de todo el cuerpo diplomático y consular acreditado ante un país, aparecen bajo
- Encabezamiento: CUERPO DIPLOMATICO,
- Texto explicativo: con subdivisión geográfica
902 ## - CATALOGADOR
- Catalogador: MMA/230211
